000 00466nam a2200157Ia 4500
008 210716s2019 xx 000 0 und d
020 _a9788126556403
041 _aeng
082 _a515.43 ANTH
100 _aAnton, Howard; Bivens, Irl; Davis, Stephen.
245 _aCalculus: late transcendentals.
_bLate transcendentals.
250 _a10
260 _aNew Delhi
_bWILEY
_c2019
300 _axix,1168,A96,I26
650 _aCalculus Of Finite Differences(515.62)
999 _c197184
_d197184